Biblioteca y Centro de Documentación

Avances en la lucha contra el empleo irregular y el fraude a la Seguridad Social (Registro nro. 44975)

Detalles MARC
000 -CABECERA
Longitud fija campo de control 00886naa a2200241 4500
001 - NÚMERO DE CONTROL
Número de control 44975
003 - IDENTIFICADOR DE NÚMERO DE CONTROL
Identificador del número de control ES-MaCES
005 - FECHA Y HORA DE LA ÚLTIMA TRANSACCIÓN
Fecha y hora de la última transacción 20140725092640.0
008 - CAMPO FIJO DE DESCRIPCIÓN FIJA--INFORMACIÓN GENERAL
Códigos de información de longitud fija   000000s2014 sp ||||| t||||||| ||spa d
040 ## - FUENTE DE CATALOGACIÓN
Centro catalogador de origen ES-MaCES
Lengua de catalogación spa
Centro transcriptor ES-MaCES
100 1# - ENCABEZAMIENTO PRINCIPAL--NOMBRE PERSONAL
9 (RLIN) 7294
Nombre de persona Baviera Puig, Inmaculada
245 10 - MENCIÓN DE TÍTULO
Título Avances en la lucha contra el empleo irregular y el fraude a la Seguridad Social
Mención de responsabilidad, etc. Inmaculada Baviera Puig
500 ## - NOTA GENERAL
Nota general Resumen
650 #4 - ASIENTO SECUNDARIO DE MATERIA--TÉRMINO DE MATERIA
9 (RLIN) 29563
Término de materia o nombre geográfico como elemento inicial trabajo clandestino
650 #4 - ASIENTO SECUNDARIO DE MATERIA--TÉRMINO DE MATERIA
9 (RLIN) 30737
Término de materia o nombre geográfico como elemento inicial fraude a la seguridad social
650 #4 - ASIENTO SECUNDARIO DE MATERIA--TÉRMINO DE MATERIA
9 (RLIN) 27046
Término de materia o nombre geográfico como elemento inicial delito
650 #4 - ASIENTO SECUNDARIO DE MATERIA--TÉRMINO DE MATERIA
9 (RLIN) 28212
Término de materia o nombre geográfico como elemento inicial inspección
650 #4 - ASIENTO SECUNDARIO DE MATERIA--TÉRMINO DE MATERIA
9 (RLIN) 29918
Término de materia o nombre geográfico como elemento inicial mecanismo de control
653 10 - TÉRMINO DE INDEXACIÓN--NO CONTROLADO
Término no controlado Seguridad Social
773 0# - ENTRADA DE DOCUMENTO FUENTE
Itemnumber del ítem fuente 81222
Lugar, editor y fecha de publicación Pamplona (Carlos III, 34) Aranzadi D.L. 1991-
Otro identificador del documento 084129
Título Aranzadi social
Número de control del registro relacionado (ES-MaCES)25655
Parte(s) relacionada(s) n. 9-10 (en.-feb. 2014) {10650 R. 084129} ;p. 81-100
902 ## - CES. TIPO DE DOCUMENTO
Tipodoc (006$c Sirtex) ART Artículo de revista
942 ## - ELEMENTOS KOHA
Fuente de clasificaión o esquema Clasificación propia del CES
Koha [por defecto] tipo de item Artículos (1982-2017)
Parte de clasificación Seguridad social

No hay ítems disponibles.

© CES, Consejo Económico y Social de España 2021